[Event "HUN-chT"]
[Site "HUN"]
[Date "1991.??.??"]
[Round "?"]
[White "Somogyi, Istvan"]
[Black "Bernei, Andras"]
[Result "1/2-1/2"]
[WhiteElo "2285"]
[BlackElo "2360"]

1.d4 Nf6 2.Nf3 e6 3.c4 Bb4+ 4.Bd2 Qe7 5.g3 Nc6 6.Nc3 Bxc3 7.Bxc3 Ne4 8.Qc2 Nxc3
9.Qxc3 O-O 10.Bg2 a5 11.O-O d6 12.Rad1 e5 13.dxe5 dxe5 14.Rd5 f6 15.a3 Be6
16.Rd2 Qc5 17.Rc1 Rad8 18.e3 a4 19.Qc2 Qa5 20.Rcd1 Rxd2 21.Rxd2 Ra8 22.Nh4 Rd8
23.Rxd8+ Nxd8 24.Be4 h6 25.Qd1 c6 26.Bc2 Bxc4 27.Bxa4 Qd5 28.Nf5 Qxd1+ 29.Bxd1 Be6
30.Nd6 Kf8 31.f4 exf4 32.gxf4 Ke7 33.Ne4 b6 34.Kf2 g5 35.Ng3 Kd6 36.Ne4+ Ke7
37.Nc3 Kd6 38.Ne4+ Ke7 39.Nc3 Kd6  1/2-1/2

[Event "HUN-chT"]
[Site "HUN"]
[Date "1991.??.??"]
[Round "?"]
[White "Somogyi, Istvan"]
[Black "Egedi, Istvan"]
[Result "1/2-1/2"]
[WhiteElo "2285"]
[BlackElo "2315"]

1.d4 Nf6 2.Nf3 e6 3.c4 Bb4+ 4.Bd2 c5 5.g3 d6 6.Bg2 O-O 7.Bxb4 cxb4 8.a3 Nc6
9.O-O Qb6 10.axb4 Qxb4 11.Qc2 Bd7 12.Nbd2 a5 13.Ra3 Qb6 14.e3 Nb4 15.Qb1 Rfe8
16.Rc1 Rac8 17.Ng5 Bc6 18.c5 dxc5 19.Nc4 Qd8 20.Bxc6 Nxc6 21.dxc5 Qd5 22.h4 Qxc5
23.Nxa5 Qb4 24.Nxc6 Rxc6 25.Rxc6 bxc6 26.Qc2 h6 27.Qxc6 Qxb2 28.Ra8 Rb8 29.Nf3 Rxa8
30.Qxa8+ Kh7 31.Nd4 e5 32.Nf3 e4 33.Nh2 h5 34.Qa5 g6 35.Qc7 Kg7 36.Qf4 Qb5
37.g4 Qd5 38.Kg2 hxg4 39.Nxg4 Nxg4 40.Qxg4 f5 41.Qg5  1/2-1/2

[Event "HUN-chT"]
[Site "HUN"]
[Date "1991.??.??"]
[Round "?"]
[White "Vanczak, Attila"]
[Black "Porubszky Angyalosine, Maria A"]
[Result "1/2-1/2"]
[WhiteElo "2300"]
[BlackElo "2175"]

1.d4 Nf6 2.c4 e6 3.Nf3 Bb4+ 4.Bd2 Qe7 5.g3 Nc6 6.Bg2 Bxd2+ 7.Nbxd2 d6 8.O-O a5
9.Qc2 e5 10.e3 O-O 11.a3 a4 12.Nb1 Bd7 13.Nc3 Nd8 14.Rad1 Ra5 15.dxe5 dxe5
16.Nd5 Nxd5 17.Rxd5 Rxd5 18.cxd5 Bb5 19.Rc1 c6 20.Qe4 Re8 21.Nh4 g6 22.Qc2 cxd5
23.Bxd5 Ne6 24.Qc3  1/2-1/2

[Event "HUN-chT"]
[Site "HUN"]
[Date "1991.??.??"]
[Round "?"]
[White "Varasdy, Imre"]
[Black "Tompa, Janos"]
[Result "1/2-1/2"]
[WhiteElo "2385"]
[BlackElo "2455"]

1.d4 Nf6 2.c4 e6 3.Nf3 Bb4+ 4.Bd2 Qe7 5.Qc2 d5 6.e3 Nc6 7.a3 Bxd2+ 8.Nbxd2 a5
9.Rc1 O-O 10.Bd3 Bd7 11.O-O h6 12.Rfe1 Rfd8 13.Qb3 a4 14.Qc2 Be8 15.Bf1 e5
16.dxe5 Nxe5 17.Nxe5 Qxe5 18.Nf3 Qe6 19.cxd5 Nxd5 20.e4 Nf6 21.Qxc7 Rac8
22.Qa5 Rxc1 23.Rxc1 b6 24.Qb4 Qxe4 25.Qxb6 Qf4 26.Rc4 Qb8 27.Qxb8 Rxb8 28.Rc2 Bd7
29.Nd4 Rb6 30.f3 Rd6 31.Nb5 Rd1 32.Nc3 Re1 33.Kf2 Re5 34.Rd2 Rc5 35.Rd4 g5
36.Bd3 h5 37.Nxa4 Rc1 38.Nc3 Be6 39.Ne4 Nxe4+ 40.Bxe4 h4 41.h3 Kg7 42.a4 f5
43.Bd3 Rd1 44.b4 Rd2+ 45.Ke3 Rxg2 46.Rd6 f4+ 47.Kd4 Bxh3 48.a5 g4 49.fxg4 f3
50.Rg6+ Kf7 51.a6 Rd2 52.Rg5 f2 53.Rf5+ Ke7 54.a7 Rxd3+ 55.Kxd3 f1=Q+ 56.Rxf1 Bxf1+
57.Ke3 Bg2 58.Kf4 Kf7 59.g5 h3 60.Kg3 Kg6 61.a8=Q Bxa8 62.Kxh3 Kxg5  1/2-1/2

[Event "Jyvaskyla op"]
[Site "Jyvaskyla"]
[Date "1991.??.??"]
[Round "4"]
[White "Tuomala, Timo"]
[Black "Krasenkow, Michal"]
[Result "0-1"]
[WhiteElo "2220"]
[BlackElo "2570"]

1.Nf3 Nf6 2.c4 e6 3.d4 Bb4+ 4.Bd2 c5 5.Bxb4 cxb4 6.Nbd2 O-O 7.e4 d6 8.Bd3 Re8
9.O-O e5 10.Qa4 a5 11.a3 Na6 12.axb4 Nxb4 13.Qb3 Bg4 14.Rfe1 Nd7 15.Bf1 Qf6
16.Qc3 b6 17.h3 Bh5 18.Be2 Bxf3 19.Nxf3 exd4 20.Nxd4 Rxe4 21.Bf3 Rxe1+ 22.Rxe1 Rd8
23.Be4 g6 24.Nb5 Re8 25.Re3 Re6 26.Bd5 Qxc3 27.bxc3 Rxe3 28.fxe3 Nxd5 29.cxd5 Nf6
30.c4 Ne4 31.g4 Kg7 32.g5 Nxg5 33.Nxd6 a4 34.Nb5 Nxh3+ 35.Kh2 Ng5 36.Kg3 f5
37.Kf4 Kf6  0-1

[Event "Karlsruhe Elo"]
[Site "Karlsruhe"]
[Date "1991.??.??"]
[Round "6"]
[White "Teske, Henrik"]
[Black "Horvath, Tamas"]
[Result "1/2-1/2"]
[WhiteElo "2380"]
[BlackElo "2410"]

1.Nf3 Nf6 2.d4 e6 3.c4 Bb4+ 4.Bd2 Qe7 5.a3 Bxd2+ 6.Nbxd2 d6 7.e4 e5 8.d5 O-O
9.Bd3 Bg4 10.h3 Bxf3 11.Qxf3 Nbd7 12.O-O  1/2-1/2

[Event "Katowice op"]
[Site "Katowice"]
[Date "1991.??.??"]
[Round "1"]
[White "Skurzynski, Zygmunt"]
[Black "Tunik, Gennady"]
[Result "0-1"]
[WhiteElo "2210"]
[BlackElo "2445"]

1.d4 Nf6 2.Nf3 e6 3.c4 Bb4+ 4.Bd2 Qe7 5.g3 Nc6 6.Bg2 Bxd2+ 7.Nbxd2 d6 8.O-O e5
9.e3 O-O 10.Qc2 a5 11.Rae1 Re8 12.a3 h6 13.Nb1 Bg4 14.d5 Nb8 15.Nc3 Na6 16.h3 Bd7
17.Ra1 Rec8 18.Rfd1 Qe8 19.b3 Nc5 20.Nd2 Nh7 21.e4 f6 22.Rdb1 Qh5 23.Qd1 Qg6
24.Nf3 Ng5 25.Nh4 Qh7 26.Nf5 Bxf5 27.exf5 Qxf5 28.Qf1 Nf3+ 29.Kh1 Nd2 30.Qe2 Ncxb3
31.g4 Qf4  0-1

[Event "Kecskemet GM"]
[Site "Kecskemet"]
[Date "1991.??.??"]
[Round "7"]
[White "Tratar, Marko"]
[Black "Hracek, Zbynek"]
[Result "1/2-1/2"]
[WhiteElo "2340"]
[BlackElo "2485"]

1.d4 Nf6 2.c4 e6 3.Nf3 Bb4+ 4.Bd2 Qe7 5.g3 Nc6 6.Bg2 Bxd2+ 7.Nbxd2 d6 8.e4 e5
9.d5 Nb8 10.O-O O-O 11.Ne1 a5 12.Nd3 Na6 13.b3 Nb4 14.Ne1 Bd7 15.a3 Na6 16.Nd3 c6
17.Re1 cxd5 18.cxd5 Bb5 19.Nb2 Nc5 20.b4 axb4 21.axb4 Nd3 22.Nxd3 Bxd3 23.Re3 Bb5
24.Rc3 g6 25.Qc1 Kg7 26.Nb3 Rxa1 27.Qxa1 b6 28.Nd2 h5 29.Nc4 Rb8 30.Na3 Bd7
31.h4 Ra8 32.Qb2 Qd8 33.Nc4 b5 34.Na5 Qb6 35.Qd2 Rc8 36.Bf3 Rxc3 37.Qxc3 Bh3
38.Qd2 Bg4 39.Bg2 Qa7 40.Kh2 Bd7 41.f3 Ng8 42.Bf1 Nh6 43.Nc6 Qb6 44.Qc2 f5
45.Bh3 Kf6 46.Qd2 Nf7 47.exf5 g5 48.f4 gxf4 49.gxf4 Bxc6 50.fxe5+ dxe5 51.dxc6 Qxc6
52.Qe2 e4 53.Qxh5 Qc2+ 54.Kg1 Qc1+ 55.Bf1 Ne5 56.Qg5+ Qxg5+ 57.hxg5+ Kxg5
58.Bxb5 Kxf5  1/2-1/2

[Event "Kecskemet"]
[Site "Kecskemet"]
[Date "1991.??.??"]
[Round "11"]
[White "Golikov, Anatolij"]
[Black "Sjoberg, Mats"]
[Result "0-1"]
[WhiteElo "2415"]
[BlackElo "2360"]

1.d4 Nf6 2.c4 e6 3.Nf3 Bb4+ 4.Bd2 Qe7 5.g3 Nc6 6.Bg2 Bxd2+ 7.Nbxd2 O-O 8.O-O a5
9.e4 d6 10.Qc2 Nd7 11.b3 Qf6 12.Qc3 e5 13.d5 Nd4 14.Nxd4 exd4 15.Qb2 c5 16.dxc6 bxc6
17.Nf3 c5 18.e5 dxe5 19.Nxd4 e4 20.Bxe4 Ra6 21.Rfd1 Rd6 22.Qc3 Rxd4 23.Rxd4 cxd4
24.Qxa5 Ne5 25.f4 Ng4 26.Rd1 Re8 27.Qc5 Rd8 28.Bd5 d3 29.h3 Qb2 30.hxg4 Qe2
31.Rf1 d2 32.Qd4 Be6 33.f5 Bxd5 34.cxd5 Re8 35.Qa1 Re3  0-1

[Event "JUG-ch"]
[Site "Kladovo"]
[Date "1991.??.??"]
[Round "5"]
[White "Sinadinovic, Andjelko"]
[Black "Sarlamanov, D."]
[Result "1-0"]
[WhiteElo "2365"]
[BlackElo "2270"]

1.d4 Nf6 2.c4 e6 3.Nf3 Bb4+ 4.Bd2 Bxd2+ 5.Qxd2 O-O 6.Nc3 d5 7.e3 Nbd7 8.Be2 c6
9.O-O Qe7 10.Ne5 dxc4 11.f4 c5 12.Bxc4 b6 13.Qe2 Bb7 14.f5 exf5 15.Rxf5 cxd4
16.exd4 Nxe5 17.dxe5 Qc5+ 18.Kh1 Nd5 19.Ne4 Qe3 20.Qg4 Ne7 21.Rxf7 Rxf7 22.Bxf7+ Kh8
23.Nd6 Qxe5 24.Nxb7 Qxb2 25.Rd1 Rf8 26.Bb3 Qe5 27.h3 Nf5 28.Bc4 Ng3+ 29.Kg1 Qe3+
30.Kh2 Qe7 31.Nd6 Qc7 32.Qxg3  1-0

[Event "JUG-ch"]
[Site "Kladovo"]
[Date "1991.??.??"]
[Round "9"]
[White "Jukic, Mirko"]
[Black "Vratonjic, Slobodan"]
[Result "1-0"]
[WhiteElo "2460"]
[BlackElo "2375"]

1.d4 Nf6 2.Nf3 e6 3.c4 Bb4+ 4.Bd2 c5 5.g3 Qb6 6.Bg2 Nc6 7.d5 exd5 8.cxd5 Nxd5
9.a3 Ba5 10.Bxa5 Qxa5+ 11.Nfd2 Nf6 12.Nc3 d5 13.Nb3 Qb6 14.Na4 Qb5 15.Naxc5 O-O
16.Qd3 Qb6 17.O-O Bg4 18.Rfe1 Rad8 19.Rac1 Ne5 20.Qc3 Rfe8 21.h3 Bh5 22.Qb4 Qxb4
23.axb4 b6 24.Na6 Nc4 25.g4 Bg6 26.Nc7 Re5 27.Nd4 Rd7 28.Nc6 Re6 29.Nxe6 fxe6
30.b3 Nd6 31.Ne5 Re7 32.Rc6 Nfe8 33.Bf1 Rb7 34.e3 Bf7 35.Bd3 g6 36.Ra1 Kg7
37.Rc2 Nc7 38.Nc6 Ncb5 39.Bxb5 Nxb5 40.Nd4 Nxd4 41.exd4 a5 42.bxa5 bxa5 43.Rxa5 Rxb3
44.Kg2 g5 45.Ra7 Kf6 46.Rc8  1-0

[Event "JUG-ch"]
[Site "Kladovo"]
[Date "1991.??.??"]
[Round "12"]
[White "Nikolic, Sinisa"]
[Black "Popov, Sinisa"]
[Result "1/2-1/2"]
[WhiteElo "2275"]
[BlackElo "2305"]

1.d4 Nf6 2.c4 e6 3.Nf3 Bb4+ 4.Bd2 c5 5.Bxb4 cxb4 6.g3 b6 7.Bg2 Bb7 8.O-O a5
9.a3 Na6 10.Nbd2 O-O 11.Re1 d6 12.e4 Qe7 13.d5 e5 14.Nh4 g6 15.Nf1 Bc8 16.axb4 Nxb4
17.Qd2 Kg7  1/2-1/2

[Event "JUG-ch"]
[Site "Kladovo"]
[Date "1991.??.??"]
[Round "12"]
[White "Antic, Dejan"]
[Black "Nikolic, Boban"]
[Result "0-1"]
[WhiteElo "2390"]
[BlackElo "2285"]

1.d4 Nf6 2.c4 e6 3.Nf3 Bb4+ 4.Bd2 Bxd2+ 5.Qxd2 d5 6.g3 O-O 7.Bg2 Nbd7 8.O-O c6
9.Rc1 Re8 10.Na3 Ne4 11.Qd3 Qb6 12.Rab1 e5 13.cxd5 cxd5 14.Qb5 exd4 15.Qxb6 axb6
16.Nb5 Rxa2 17.Nc7 Rd8 18.Nxd5 Ndc5 19.Ne7+ Kf8 20.Nxc8 Rxc8 21.Rc4 Rd8 22.Rb4 b5
23.Rd1 d3 24.exd3 Nd6 25.Rd2 Ra4 26.Rh4 Rxh4 27.gxh4 f6 28.b4 Na6 29.Nd4 Re8
30.Rb2 Re1+ 31.Bf1 g6 32.f4 Kf7 33.Kf2 Re8 34.Bg2 f5 35.Nf3 Kf6 36.Ne5 Re7
37.Ke3 Nf7 38.d4 Nd6 39.Kd3 Rc7 40.d5 Nc4 41.Rb1 Nxe5+ 42.fxe5+ Kxe5 43.Re1+ Kf6
44.Re6+ Kf7 45.Rb6 Nxb4+ 46.Kd4 Nc2+ 47.Ke5 Ne3 48.d6 Nc4+ 49.Kd4 Nxb6 50.dxc7 Ke7
51.Bd5 Kd7 52.Bg8 h6 53.Bh7 Kxc7 54.Bxg6 f4 55.Ke4 f3 56.Kxf3 Nc4 57.Ke4 b4
58.Kd4 b5 59.Bf7 b3 60.Kc3 b2 61.Kc2 Ne5 62.Be8 Nc4 63.Bf7 Ne5 64.Be8 Kb6
65.Kxb2 Kc5 66.Kb3 Nf3 67.Kc3 Nxh4 68.Kd3 b4 69.Ke4 b3 70.Ba4 b2 71.Bc2 Kb4
72.Bb1 Kc3 73.Kf4 Ng2+ 74.Kg4 Kd2 75.h4 Kc1  0-1

[Event "Kobanya op"]
[Site "Kobanya"]
[Date "1991.??.??"]
[Round "9"]
[White "Hutters, Tomas"]
[Black "Khasin, Alexander"]
[Result "1/2-1/2"]
[WhiteElo "2465"]
[BlackElo "2450"]

1.d4 Nf6 2.c4 e6 3.Nf3 Bb4+ 4.Bd2 Qe7 5.g3 Nc6 6.Nc3 Bxc3 7.Bxc3 Ne4 8.Rc1 O-O
9.Bg2 d6 10.d5 Nd8 11.O-O e5 12.c5 f5 13.Qc2 Nxc3 14.Qxc3 Nf7 15.Nd2 Bd7
16.Qa3 Bb5 17.Rfe1 b6 18.Qb4 Bd7 19.cxb6 cxb6 20.Qa3 Rfc8 21.Rxc8+ Bxc8 22.e4 Bd7
23.Bf1 f4 24.Nc4 Qf8 25.Rc1 h6 26.Nd2 Qd8 27.Ba6 Qg5 28.Qd3 Bh3 29.Rc7 Qh5
30.Qe2 Qg6 31.Qc4 Ng5 32.Bc8 Kh7 33.Bxh3 Nxh3+ 34.Kg2 fxg3 35.hxg3 Rf8 36.f3 Nf4+
37.Kf2 Nh5 38.Nf1 Qg4 39.Qe2 Qh3 40.Rxa7 Nxg3 41.Nxg3 Qh2+ 42.Ke3 Qxg3 43.Rc7 Rf6
44.Rc6 b5 45.Qf2 Qf4+ 46.Ke2 Rg6 47.Rc3 Rg3 48.Rd3 Qg5 49.Kf1 Qc1+ 50.Ke2 Rg1
51.Rd2 Qc4+ 52.Ke3 Rf1 53.Qe2 Qc1 54.Qxb5 Re1+ 55.Kd3 Qb1+ 56.Kc3 Qxa2 57.Re2 Rc1+
58.Rc2 Rg1 59.Qd7 Qa5+ 60.Kb3 Qb6+ 61.Ka2  1/2-1/2

[Event "Krasnodar"]
[Site "Krasnodar"]
[Date "1991.??.??"]
[Round "?"]
[White "Yuferov, Sergey  N"]
[Black "Shestoperov, Aleksej"]
[Result "1/2-1/2"]
[WhiteElo "2395"]
[BlackElo "2450"]

1.d4 Nf6 2.c4 e6 3.Nf3 Bb4+ 4.Bd2 Bxd2+ 5.Qxd2 d5 6.g3 O-O 7.Bg2 c6 8.O-O Qe7
9.Rc1 Nbd7 10.Qe3 Re8 11.Nbd2 e5 12.dxe5 Nxe5 13.Nxe5 Qxe5 14.Qxe5 Rxe5 15.e3  1/2-1/2

[Event "Krumbach op"]
[Site "Krumbach"]
[Date "1991.??.??"]
[Round "9"]
[White "Hegeler, Frank"]
[Black "Krasenkow, Michal"]
[Result "0-1"]
[WhiteElo "2245"]
[BlackElo "2570"]

1.Nf3 Nf6 2.c4 e6 3.d4 Bb4+ 4.Bd2 Qe7 5.g3 Nc6 6.Bg2 Bxd2+ 7.Nbxd2 d6 8.e4 e5
9.d5 Nb8 10.O-O O-O 11.Qc2 a5 12.Rfc1 Na6 13.Ne1 Nd7 14.b3 Ndc5 15.a3 f5
16.Rab1 fxe4 17.b4 axb4 18.axb4 Bf5 19.Nxe4 Nd7 20.Nf3 Nf6 21.Nh4 Bxe4 22.Bxe4 Nxe4
23.Qxe4 Qg5 24.Qe3 Qxe3 25.fxe3 Nb8 26.Ra1 Nd7 27.Rxa8 Rxa8 28.c5 g6 29.cxd6 cxd6
30.Rc7 Nf6 31.Rxb7 Ra1+ 32.Kf2 Ra2+ 33.Ke1 Nxd5 34.Nf3 Nxe3 35.Rd7 e4 36.Ng5 Ng2+
37.Kf1 e3 38.Re7 d5  0-1

[Event "ESP-ch"]
[Site "Lleida"]
[Date "1991.??.??"]
[Round "8"]
[White "Rodriguez, MA."]
[Black "Bejar, J."]
[Result "1-0"]
[WhiteElo "2200"]
[BlackElo "2200"]

1.d4 Nf6 2.c4 e6 3.Nf3 Bb4+ 4.Bd2 Qe7 5.g3 Ne4 6.Bg2 Nxd2 7.Nbxd2 c5 8.O-O cxd4
9.Nxd4 a6 10.Ne4 f5 11.a3 fxe4 12.axb4 Qxb4 13.Bxe4 O-O 14.Qd3 h6 15.Qe3 Nc6
16.Nxc6 bxc6 17.Bc2 Qxc4 18.Rac1 Qb5 19.Qe4 Rf6 20.Qh7+ Kf7 21.Bd3 Qg5 22.f4 Qg4
23.e4 Ke7 24.e5 Rf7 25.Bg6 Rb8 26.Bxf7 Kxf7 27.Qc2 g6 28.Rcd1 Rb5 29.Rfe1 h5
30.Qe2 Qf5 31.Rd2 Ke7 32.Red1 Qh3 33.Qe4 Qg4 34.Qe2 Qh3 35.Qd3 Qg4 36.Qd6+ Kd8
37.Qxc6 Rd5 38.Rxd5 exd5 39.Qxd5 Bb7 40.Qd6 Bc6 41.e6 Qf3 42.e7+ Ke8 43.Qb8+ Kxe7
44.Re1+  1-0

[Event "Lyngby op"]
[Site "Lyngby"]
[Date "1991.??.??"]
[Round "1"]
[White "Petersen, Soren Boeck"]
[Black "Kristiansen, Jens"]
[Result "0-1"]
[WhiteElo "2300"]
[BlackElo "2415"]

1.d4 Nf6 2.Nf3 e6 3.c4 Bb4+ 4.Bd2 Qe7 5.g3 Nc6 6.Bg2 Bxd2+ 7.Qxd2 Ne4 8.Qc2 Qb4+
9.Nc3 Nxc3 10.bxc3 Qxc4 11.O-O f6 12.Rfd1 O-O 13.e4 e5 14.d5 Nd8 15.Bf1 Qc5
16.d6 cxd6 17.Rd5 Qc7 18.Rad1 Nf7 19.Qb3 Kh8 20.Bc4 b6 21.R5d2 Ng5 22.Nxg5 fxg5
23.Rxd6 Qc5 24.R1d2 Bb7 25.Qb4 Rac8 26.Qxc5 Rxc5 27.Rxd7 Bxe4 28.Rd8 Rc8
29.Rxf8+ Rxf8 30.Re2 Bg6 31.Rxe5 Rc8 32.Bb3 Rxc3 33.Kf1 h6 34.Re7 Rc1+ 35.Kg2 a5
36.Re6 Rc6 37.Re7 Bf5 38.f3 Kh7 39.g4 Bc2 40.Bd5 Rd6 41.Re5 Kg6 42.Bg8 Kf6
43.Re8 Ba4 44.Re3 Bd7 45.Kg3 b5 46.h4 gxh4+ 47.Kxh4 Be6 48.Bxe6 Rxe6 49.Rb3 b4
50.f4 Rb6 51.Kh5 a4 52.Rb2 b3 53.axb3 axb3 54.g5+ Kf5 55.gxh6 Rxh6+  0-1

[Event "Wch U20"]
[Site "Mamaia"]
[Date "1991.??.??"]
[Round "?"]
[White "Van Gisbergen, Stan"]
[Black "Stefansson, Hannes"]
[Result "1/2-1/2"]
[WhiteElo "2295"]
[BlackElo "2470"]

1.d4 Nf6 2.c4 e6 3.Nf3 Bb4+ 4.Bd2 c5 5.Bxb4 cxb4 6.a3 Qe7 7.g3 b6 8.Bg2 Bb7
9.O-O O-O 10.Nbd2 a5 11.Re1 Na6 12.e4 d6 13.e5 dxe5 14.Nxe5 Bxg2 15.Kxg2 Rad8
16.Ndf3 Qb7 17.a4 Nd7 18.Qe2 Nab8 19.Rad1 Nxe5 20.Qxe5 h6 21.Qe4 Qxe4 22.Rxe4 Rd6
23.Re5 Rfd8 24.Rb5 Na6 25.Rc1 Nc7 26.Re5 Na6  1/2-1/2

[Event "FRA-ch Acc"]
[Site "Montpellier"]
[Date "1991.??.??"]
[Round "3"]
[White "Derieux, Christian"]
[Black "Verat, Laurent"]
[Result "0-1"]
[WhiteElo "2225"]
[BlackElo "2305"]

1.d4 Nf6 2.c4 e6 3.Nf3 Bb4+ 4.Bd2 c5 5.Bxb4 cxb4 6.g3 b6 7.Bg2 Bb7 8.O-O O-O
9.a3 bxa3 10.Rxa3 a5 11.Nc3 d6 12.Qc2 Nbd7 13.Rb1 Rc8 14.Nd2 Bxg2 15.Kxg2 e5
16.e3 d5 17.b4 exd4 18.exd4 dxc4 19.bxa5 bxa5 20.Rb5 Nb6 21.Nf3 Nbd5 22.Nxd5 Nxd5
23.Raxa5 Nb4 24.Qc3 Nd3 25.Ne5 Qe7 26.Ra4 Qe6 27.Kg1 Qf5 28.Ra2 f6 29.Nxd3 Qxb5
30.Nb4 Ra8 31.Rc2 Ra4 32.Rb2 Rb8 33.Nd3 Ra1+  0-1

[Event "Moscow5-B"]
[Site "Moscow"]
[Date "1991.??.??"]
[Round "?"]
[White "Gavrilov, Alexei"]
[Black "Zoltek, Tadeusz"]
[Result "1-0"]
[WhiteElo "2325"]
[BlackElo "2315"]

1.d4 Nf6 2.c4 e6 3.Nf3 Bb4+ 4.Bd2 Qe7 5.g3 Nc6 6.Nc3 Bxc3 7.Bxc3 Ne4 8.Rc1 O-O
9.Bg2 d6 10.d5 Nxc3 11.Rxc3 Nd8 12.O-O e5 13.c5 dxc5 14.Qc2 b6 15.Re3 f6
16.d6 cxd6 17.Nxe5 fxe5 18.Bxa8 Ne6 19.Bd5 Kh8 20.Bxe6 Qxe6 21.f4 Qf7 22.Qd2 Bh3
23.Rd1 exf4 24.gxf4 Be6 25.Qxd6 Bxa2 26.Ra1 Rg8 27.Re7 Qf5 28.Qe5 Qg6+ 29.Kf2 Qh6
30.Kg3 Qg6+ 31.Kf2 Qh6 32.Kg3 Qg6+ 33.Kf3 Qc6+ 34.e4 Qb5 35.Qc3 Bb3 36.Rg1 Ba2
37.Rexg7  1-0

[Event "Russian Winter op"]
[Site "Moscow"]
[Date "1991.??.??"]
[Round "?"]
[White "Magerramov, Elmar"]
[Black "Ilinsky, Vladimir"]
[Result "1/2-1/2"]
[WhiteElo "2525"]
[BlackElo "2360"]

1.d4 Nf6 2.c4 e6 3.Nf3 Bb4+ 4.Bd2 Qe7 5.g3 Nc6 6.Nc3 Bxc3 7.Bxc3 Ne4 8.Rc1 O-O
9.Bg2 d6 10.d5 Nd8 11.O-O e5 12.Nd2 Nxc3 13.Rxc3 f5 14.c5 Nf7 15.Qb3 b6 16.cxd6 cxd6
17.Rfc1 Bd7 18.Qa3 Rfc8 19.Qa6 Qd8 20.Nb3 Rxc3 21.Rxc3 Bc8 22.Qc4 a5 23.Qc7 Ba6
24.Qxd8+ Nxd8 25.e4 fxe4 26.Nd2 Rc8 27.Rxc8 Bxc8 28.Nc4 Nb7 29.Nxb6 Bf5 30.Nc4 Kf7
31.Kf1 Ke7 32.Ke2 a4 33.Ke3 Nc5 34.Nd2 Nd3 35.b3 axb3 36.axb3 Nc5 37.Bf1 Nd7
38.Bb5 Nf6 39.Bc6 Bg6 40.b4 Bf7 41.Nxe4 Nxd5+ 42.Bxd5 Bxd5 43.f4 Bc6 44.Nc3 Ke6
45.b5 exf4+ 46.gxf4 Bb7 47.h3 h6 48.b6 Kd7 49.Kd4 Bg2 50.Nb5 Kc6 51.b7  1/2-1/2

[Event "Moscow6"]
[Site "Moscow"]
[Date "1991.??.??"]
[Round "?"]
[White "Notkin, Maksim"]
[Black "Mishuchkov, Nikolai M"]
[Result "0-1"]
[WhiteElo "2315"]
[BlackElo "2405"]

1.d4 Nf6 2.c4 e6 3.Nf3 Bb4+ 4.Bd2 Qe7 5.g3 Nc6 6.Bg2 Bxd2+ 7.Nbxd2 d6 8.e4 a5
9.O-O e5 10.d5 Nb8 11.Ne1 h5 12.Nd3 h4 13.Qe2 Na6 14.Rfc1 b6 15.b3 Nc5 16.a3 hxg3
17.hxg3 Bg4 18.f3 Nxd3 19.Qxd3 Bd7 20.Kf2 Nh5 21.Rh1 Qg5 22.Nf1 Ke7 23.Qe3 Qg6
24.Re1 Rh7 25.a4 Rah8 26.Qd2 Kd8 27.Qe3 f5 28.exf5 Bxf5 29.Rd1 Rf8 30.Re1 Bd3
31.f4 Nxf4 32.gxf4 Rxf4+ 33.Kg1 Bxf1 34.Rxf1 Rxh1+ 35.Kxh1 Qh6+ 36.Qh3 Rh4
37.Rf8+ Ke7 38.Rf3 e4 39.Re3 Rxh3+ 40.Rxh3 Qc1+ 41.Kh2 Qf4+ 42.Kg1 Qc1+ 43.Kh2 e3
44.Rh4 Qc2 45.Rh3 Qd2  0-1

[Event "Moscow3"]
[Site "Moscow"]
[Date "1991.??.??"]
[Round "?"]
[White "Jasnikowski, Zbigniew"]
[Black "Knezevic, Milorad"]
[Result "1/2-1/2"]
[WhiteElo "2435"]
[BlackElo "2430"]

1.d4 Nf6 2.c4 e6 3.Nf3 Bb4+ 4.Bd2 Qe7 5.g3 Nc6 6.Bg2 Bxd2+ 7.Qxd2 O-O 8.Nc3 d5
9.cxd5 exd5 10.Rc1 Re8 11.O-O Bf5  1/2-1/2

[Event "Moscow3"]
[Site "Moscow"]
[Date "1991.??.??"]
[Round "?"]
[White "Jasnikowski, Zbigniew"]
[Black "Zhidkov, Valery S"]
[Result "1/2-1/2"]
[WhiteElo "2435"]
[BlackElo "2425"]

1.d4 Nf6 2.c4 e6 3.Nf3 Bb4+ 4.Bd2 Qe7 5.Nc3 O-O 6.Qc2 Nc6 7.a3 Bxc3 8.Bxc3 d6
9.b4 e5 10.d5 Nd8 11.e4 Nh5 12.g3 f5 13.Nd2 Nf7 14.Be2 Qg5 15.Nf3 Qf6 16.O-O-O Ng5
17.Nxg5 Qxg5+ 18.Bd2 Qg6 19.f4 Nf6 20.fxe5 dxe5 21.exf5 Bxf5 22.Qb2 Bg4 23.Rhe1 Bxe2
24.Rxe2 Qg4 25.Rxe5 Qxc4+ 26.Qc2 Qxc2+ 27.Kxc2 Rad8 28.Bc3 Rd7 29.Rf5 Ng4
30.Rxf8+ Kxf8 31.Bd4 a6 32.h3 Nf6 33.Bxf6 gxf6  1/2-1/2

[Event "Moscow3"]
[Site "Moscow"]
[Date "1991.??.??"]
[Round "?"]
[White "Lerner, Konstantin Z"]
[Black "Zhidkov, Valery S"]
[Result "1/2-1/2"]
[WhiteElo "2545"]
[BlackElo "2425"]

1.d4 Nf6 2.c4 e6 3.Nf3 Bb4+ 4.Bd2 Qe7 5.g3 Nc6 6.Bg2 Bxd2+ 7.Nbxd2 a5 8.O-O d6
9.e4 e5 10.d5 Nb8 11.Ne1 h5 12.Nef3 O-O 13.Qc2 Bg4 14.Nh4 Na6 15.Qc3 Nc5
16.Rae1 c6 17.f4 Bd7 18.Nhf3 Rfe8 19.fxe5 dxe5 20.Nh4 b5 21.b3 b4 22.Qf3 cxd5
23.exd5 a4  1/2-1/2

[Event "Muenster op"]
[Site "Muenster"]
[Date "1991.??.??"]
[Round "5"]
[White "Kalinitschew, Sergey"]
[Black "Kruszynski, Wlodzimierz"]
[Result "1/2-1/2"]
[WhiteElo "2430"]
[BlackElo "2345"]

1.d4 Nf6 2.Nf3 e6 3.c4 Bb4+ 4.Bd2 c5 5.Bxb4 cxb4 6.g3 b6 7.Bg2 Bb7 8.Nbd2 O-O
9.Nf1 d6 10.Ne3 Qc7 11.O-O a5 12.Rc1 Na6 13.Nh4 Bxg2 14.Nhxg2 Qb7 15.Qd2 Ne4
16.Qc2 Rac8 17.d5 Nac5 18.f3 Nf6 19.dxe6 fxe6 20.Qd2 Rcd8 21.Nf4 Rfe8 22.Rfd1 Qc6
23.Qc2 Rd7 24.Rd2 Red8 25.Rcd1 Qc7 26.Rd4 Qc6 27.R4d2 Qc7 28.Neg2 Qc6 29.g4 Kh8
30.Ne1 b5 31.cxb5 Qxb5 32.Ned3 b3 33.Qb1 bxa2 34.Qxa2 Nb3 35.Rc2 Nd4 36.Rcd2 Nb3
37.Rc2 Nd4 38.Rcd2  1/2-1/2

[Event "New York State-ch"]
[Site "New York"]
[Date "1991.??.??"]
[Round "3"]
[White "Vucic, Mladen"]
[Black "Dzindzichashvili, Roman"]
[Result "0-1"]
[WhiteElo "2380"]
[BlackElo "2555"]

1.d4 Nf6 2.Nf3 e6 3.c4 Bb4+ 4.Bd2 Qe7 5.g3 Nc6 6.Bg2 Bxd2+ 7.Nbxd2 d6 8.O-O O-O
9.e4 e5 10.d5 Nb8 11.Ne1 c6 12.b4 a5 13.a3 cxd5 14.cxd5 axb4 15.axb4 Rxa1
16.Qxa1 Na6 17.Nc2 Bd7 18.Rc1 h5 19.Ne3 Ng4 20.Ndc4 Rc8 21.Nxg4 Bxg4 22.h3 Bd7
23.Nb6 Rxc1+ 24.Qxc1 Qd8 25.Nxd7 Qxd7 26.Qc3 Nc7 27.Bf1 h4 28.f4 f6 29.f5 hxg3
30.Kg2 Nb5 31.Bxb5 Qxb5 32.Kxg3 Qf1 33.Qd2 b5 34.Kh2 Qb1 35.Qe2 Qxb4 36.h4 Qc4
37.Qg4 Qc2+ 38.Kh3 Qd3+ 39.Kh2 Qd2+ 40.Kh3 Qe3+ 41.Kg2 Qf4 42.Qe2 Qxh4 43.Qxb5 Qxe4+
44.Kh2 Qxf5  0-1

[Event "Oostende op"]
[Site "Oostende"]
[Date "1991.??.??"]
[Round "4"]
[White "Kuzmin, Alexey"]
[Black "Sjoberg, Mats"]
[Result "1-0"]
[WhiteElo "2520"]
[BlackElo "2350"]

1.d4 Nf6 2.c4 e6 3.Nf3 Bb4+ 4.Bd2 Qe7 5.g3 c5 6.Bxb4 cxb4 7.Bg2 O-O 8.Nbd2 d6
9.Nf1 Na6 10.Ne3 Rb8 11.O-O b5 12.cxb5 Rxb5 13.Qa4 Rb8 14.Rfc1 Qd7 15.Qxd7 Bxd7
16.Nc4 Ne8 17.e4 Bb5 18.Nfd2 Rd8 19.Na5 Nf6 20.Ndb3 Rd7 21.f3 g5 22.Kf2 Rb8
23.Ke3 g4 24.f4 d5 25.e5 Ne8 26.Rc2 Ng7 27.Bf1 Nf5+ 28.Kd2 Bxf1 29.Rxf1 Kg7
30.Rfc1 h5 31.Kd3 Rh8 32.Rc6 Nb8 33.Rc8 Rdd8 34.Rxd8 Rxd8 35.Nb7 Rh8 36.Nd6 Nxd6
37.exd6 Rd8 38.Rc7 Rxd6 39.Rxa7 h4 40.Rb7 hxg3 41.hxg3 Na6 42.Nc5 Rc6 43.Nd7 Rc7
44.Rxc7 Nxc7 45.Ne5 f6 46.Nxg4 Nb5 47.Nh2 Kg6 48.g4 e5 49.fxe5 fxe5 50.dxe5 Kg5
51.e6 Nc7 52.Kd4 Kf6 53.Kc5  1-0

[Event "Oostende op"]
[Site "Oostende"]
[Date "1991.??.??"]
[Round "4"]
[White "Werner, Dimo"]
[Black "Schmittdiel, Eckhard"]
[Result "1-0"]
[WhiteElo "2395"]
[BlackElo "2490"]

1.d4 Nf6 2.Nf3 e6 3.c4 Bb4+ 4.Bd2 Qe7 5.Nc3 O-O 6.g3 d5 7.Qb3 Nc6 8.a3 Bxc3
9.Bxc3 Ne4 10.Bg2 a5 11.O-O a4 12.Qc2 Nxc3 13.Qxc3 Na5 14.Nd2 Rd8 15.e3 b6
16.Rfc1 Ra7 17.cxd5 exd5 18.Qb4 Qd7 19.Bf1 Ba6 20.Bxa6 Rxa6 21.Rc2 Re8 22.Rac1 Ra7
23.Kg2 h6 24.Qc3 b5 25.Qc5 c6 26.Re1 Nc4 27.Nf3 Rc7 28.Rce2 Qg4 29.e4 Rce7
30.e5 Qd7 31.Qb4 f6 32.Qc3 Re6 33.Qd3 fxe5 34.Nxe5 Nxe5 35.dxe5 d4 36.f4 g6
37.Rc1 Qd5+ 38.Qf3 Rd8 39.Qxd5 Rxd5 40.Kf3 b4 41.Ke4 Rb5 42.Kxd4 bxa3 43.bxa3 Rb3
44.Re3 Rb2 45.h3 Rh2 46.g4 Rd2+ 47.Ke4 Rd5 48.Rec3  1-0

[Event "Oostende op"]
[Site "Oostende"]
[Date "1991.??.??"]
[Round "7"]
[White "Piket, Jeroen"]
[Black "Sjoberg, Mats"]
[Result "1-0"]
[WhiteElo "2590"]
[BlackElo "2350"]

1.d4 Nf6 2.c4 e6 3.Nf3 Bb4+ 4.Bd2 Qe7 5.g3 Nc6 6.Nc3 O-O 7.Bg2 a5 8.O-O d6
9.Rc1 e5 10.dxe5 Nxe5 11.Bg5 Bxc3 12.Rxc3 h6 13.Bxf6 Qxf6 14.Nd4 c6 15.Qd2 a4
16.h3 Re8 17.e4 Nd7 18.Nf5 Nc5 19.Nxd6 Rd8 20.Rd1 a3 21.Rxa3 Rxa3 22.bxa3 Kf8
23.Qb4 Na6 24.e5 Nxb4 25.exf6 Na6 26.fxg7+ Kg8 27.Bf3 Nc5 28.Bh5 Be6 29.f4 f5
30.g4 fxg4 31.f5 Bxc4 32.f6 Bd5 33.Nf5  1-0

[Event "Oslo Cup"]
[Site "Oslo"]
[Date "1991.??.??"]
[Round "2"]
[White "Gausel, Einar"]
[Black "Groenn, Atle"]
[Result "1-0"]
[WhiteElo "2425"]
[BlackElo "2365"]

1.d4 Nf6 2.c4 e6 3.Nf3 Bb4+ 4.Bd2 Qe7 5.g3 Nc6 6.Nc3 Bxc3 7.Bxc3 Ne4 8.Rc1 d6
9.Bg2 O-O 10.O-O Nxc3 11.Rxc3 e5 12.d5 Nb8 13.Nd2 a5 14.c5 Na6 15.cxd6 cxd6
16.Nc4 Nc5 17.Qc2 Bg4 18.Rc1 Nd7 19.Ne3 Bh5 20.Rc7 Bg6 21.Qa4 Rfd8 22.Bh3 f5
23.Nxf5 Qg5 24.Nxd6 Nb6 25.Be6+ Kh8 26.Qa3 Rab8 27.e4 h5 28.h4  1-0